Drugs for today and tomorrow

Saved in:
Bibliographic Details
Format: Book
Language:Undetermined
Published: Switzerland IFPMA 1979
Subjects:
Tags: Add Tag
No Tags, Be the first to tag this record!
Institutions: Trung tâm Học liệu Trường Đại học Cần Thơ
LEADER 00404nam a2200157Ia 4500
001 CTU_81546
008 210402s9999 xx 000 0 und d
082 |a 362 
082 |b D794 
245 0 |a Drugs for today and tomorrow 
260 |a Switzerland 
260 |b IFPMA 
260 |c 1979 
650 |a Society problems 
904 |i Trọng Hải 
980 |a Trung tâm Học liệu Trường Đại học Cần Thơ